• 首页
  • 本馆介绍
  • 公告通知
  • 最新文献
  • 馆藏检索
  • 电子资源
  • 读者导购
  • 参考咨询
  • 我的图书馆
  • 登录
  • 详细信息显示
  • 放入我的书架
  • 预约/预借图书
  • 作者相关作品
  • 分类相关作品
  • 丛书相关作品
  • 出版社相关作品

书目信息

  • 表格格式
  • 工作单格式
  • 卡片格式
题名:
曹禺文集
    
 
作者: 曹禺 , 田木相 著
分册: 第三卷  
出版信息: 北京   中国戏剧出版社  1990.9
页数: 540页
开本: 20cm
丛书名:
单 册:
中图分类: I217.2 , I234.6
科图分类:
主题词: 话剧-剧本--中国--现代--选集 , 剧本-话剧--中国--现代--选集 , 戏剧文学--剧本--中国
电子资源:
ISBN: 7-104-00227-8
000 00782nam 2200277 45
001 0191007677
005 20061109152017.40
010    @a7-104-00227-8@b精装@dCNY9.10
100    @a19910412d1990 ekmy0chiy0121 ea
101 0  @achi
102    @aCN@b110000
105    @af z 000zy
106    @ar
200 10 @a曹禺文集@ACAO YU WEN JI@h第三卷@f曹 禺著@FCAO YU ZHU@g田木相编
210    @a北京@c中国戏剧出版社@d1990.9
215    @a540页@c照片@d20cm
600  0 @a曹禺@x文集
606    @a话剧-剧本@y中国@z现代@x选集
606    @a剧本-话剧@y中国@z现代@x选集
606 0  @a戏剧文学@x剧本@x中国
690    @aI217.2@v3
690    @aI234.6
701  0 @a曹禺@ACAO YU@4著
701  0 @a田木相@ATIAN MU XIANG@4编
801  0 @aCN@bNLC@c20061109
905    @f1@b253684@dI234.6@e95:3
    
    曹禺文集.第三卷/曹 禺著/田木相编.-北京:中国戏剧出版社,1990.9
    540页:照片;20cm
    
    
    ISBN 7-104-00227-8(精装):CNY9.10
    
●
相关链接 在E读中查询图书 在五车中查询图书 在当当中查询图书 在豆瓣中查询图书


正题名:曹禺文集     索取号:I234.6/95:3         预约/预借

序号 登录号 条形码 馆藏地/架位号 状态 备注
1 0253684   001654631   第二借阅区/ [索取号:I234.6/95:3] 在馆    
2 0253685   202082441   第一样本阅览室/ [索取号:I234.6/95:3] 在馆    
唐山师范学院图书馆 欢迎您!
大连网信软件有限公司© 版权所有